[Event "Let's Play Chess!"]
[Site "http://www.queenalice.com/game.php?id=531510"]
[Date "2009.1.30"]
[Round "-"]
[White "CampbellMarcel"]
[Black "SubZeroBankay"]
[Result "1-0"]
[WhiteElo "1166"]
[BlackElo "1263"]

1. f4 f6 2. Nc3 e5 3. fxe5 fxe5 4. Nf3 Bb4 5. Ne4 d5 6. Ng3 e4 7. Nd4 Qf6 8. c3
c5 9. cxb4 cxd4 10. e3 Nh6 11. Bb5+ Bd7 12. Rf1 Nf5 13. Bxd7+ Nxd7 14. Rxf5 Qh4
15. Rh5 Qe7 16. Rxd5 O-O 17. Rxd4 Qf6 18. Qe2 Ne5 19. Nxe4 Qh4+ 20. g3 Qh3 21.
Ng5 Qh6 22. h4 Qg6 23. Rf4 Rad8 24. d4 h6 25. Rxf8+ 1-0

[Event "Let's Play Chess!"]
[Site "http://www.queenalice.com/game.php?id=531863"]
[Date "2009.1.30"]
[Round "-"]
[White "alesson"]
[Black "SubZeroBankay"]
[Result "1-0"]
[WhiteElo "1581"]
[BlackElo "1318"]

1. e4 d5 2. exd5 Qxd5 3. Nc3 Qe5+ 4. Qe2 Qxe2+ 5. Bxe2 e5 6. Nf3 Bd6 7. Nd5 Kd8
8. Ng5 Kd7 9. Bg4+ Kc6 10. Nxf7 Bxg4 11. Nxh8 Kxd5 12. Nf7 Be7 13. d3 Be6 14.
c4+ Kc6 15. Nxe5+ Kd6 16. Bf4 h6 17. Nf7+ Kc6 18. Ne5+ Kb6 19. Be3+ c5 20. b4
Bf6 21. bxc5+ Kc7 22. Bf4 g5 23. Ng4+ gxf4 24. Rb1 Bxg4 25. f3 Bf5 26. Rb3 Nc6
27. g4 Re8+ 28. Kd2 Nd4 29. Ra3 Re2+ 30. Kc1 Nxf3 31. gxf5 Nxh2 32. Rxa7 f3 33.
Kd1 Rb2 34. Ra8 f2 35. Rxg8 Rb1+ 36. Ke2 1-0

[Event "Let's Play Chess!"]
[Site "http://www.queenalice.com/game.php?id=531870"]
[Date "2009.1.30"]
[Round "-"]
[White "Aldino"]
[Black "SubZeroBankay"]
[Result "1-0"]
[WhiteElo "1978"]
[BlackElo "1500"]

1. e4 d5 2. Bd3 Nf6 3. e5 Nfd7 4. Nf3 Nc6 5. Qe2 f6 6. exf6 gxf6 7. Nh4 e5 8.
Qh5+ Ke7 9. Ng6+ hxg6 10. Qxh8 Nd4 11. Qh7+ Ke8 12. Bxg6# 1-0

[Event "Let's Play Chess!"]
[Site "http://www.queenalice.com/game.php?id=532329"]
[Date "2009.1.31"]
[Round "-"]
[White "charles31"]
[Black "SubZeroBankay"]
[Result "1-0"]
[WhiteElo "1658"]
[BlackElo "1416"]

1. e4 d5 2. e5 Nc6 3. f4 f6 4. exf6 Nxf6 5. d3 Bg4 6. Be2 Nd4 7. Bxg4 Nxg4 8. h3
Nf6 9. c3 Nb5 10. Nf3 e6 11. Ne5 Bd6 12. Qa4 c6 13. Be3 Bxe5 14. fxe5 Nd7 15. d4
O-O 16. g3 Rf3 17. Bf4 g5 18. Qd1 Rxf4 19. gxf4 gxf4 20. Qg4+ Kf7 21. Rg1 c5 22.
Qg7+ Ke8 23. Qxh7 Nf8 24. Qh5+ Kd7 25. Nd2 cxd4 26. cxd4 Nxd4 27. Rc1 Qa5 28.
Rg7+ Kd8 29. Qg5+ Ke8 30. Qe7# 1-0

[Event "Let's Play Chess!"]
[Site "http://www.queenalice.com/game.php?id=532337"]
[Date "2009.1.31"]
[Round "-"]
[White "SubZeroBankay"]
[Black "charles31"]
[Result "0-1"]
[WhiteElo "1500"]
[BlackElo "1648"]

1. Nf3 d5 2. Nc3 e6 3. e4 d4 4. Ne2 c5 5. Ng3 Bd6 6. e5 Bc7 7. Bb5+ Bd7 8. Bxd7+
Nxd7 9. h4 h6 10. h5 Bxe5 11. Ne4 b6 12. Qe2 Ngf6 13. Nxf6+ gxf6 14. d3 Qc7 15.
Rh4 O-O-O 16. c3 dxc3 17. bxc3 Bxc3+ 18. Nd2 Bxa1 19. Ra4 Kb7 20. Nb3 Bc3+ 21.
Bd2 Bxd2+ 22. Qxd2 Ne5 23. f4 Nc6 24. Qb2 Qxf4 25. Na5+ Nxa5 26. Rxa5 Rxd3 27.
Qb5 Qe3+ 28. Kf1 Rd1# 0-1

[Event "SUB ZERO"]
[Site "http://www.queenalice.com/game.php?id=532355"]
[Date "2009.1.31"]
[Round "-"]
[White "perucona"]
[Black "SubZeroBankay"]
[Result "1-0"]
[WhiteElo "1609"]
[BlackElo "1237"]

1. e4 d5 2. e5 f6 3. exf6 Nxf6 4. d4 c6 5. Nf3 Bg4 6. Be2 Bxf3 7. O-O Bxe2 8.
Qxe2 h5 9. Re1 g6 10. Bg5 Ng4 11. h3 Bh6 12. Bxh6 Rxh6 13. f3 1-0

[Event "Let's Play Chess!"]
[Site "http://www.queenalice.com/game.php?id=532511"]
[Date "2009.1.31"]
[Round "-"]
[White "SubZeroBankay"]
[Black "lafasouza"]
[Result "0-1"]
[WhiteElo "1263"]
[BlackElo "1708"]

1. Nf3 e6 2. Nc3 c6 3. e4 Bc5 4. d4 Bb4 5. Ng5 h6 6. Qh5 g6 7. Qh3 f6 8. Nf3 g5
9. Qh5+ Ke7 10. Bxg5 Bxc3+ 11. bxc3 fxg5 12. Nxg5 Qe8 13. Qxe8+ Kxe8 14. e5 hxg5
15. Bd3 Ne7 0-1

[Event "Let's Play Chess!"]
[Site "http://www.queenalice.com/game.php?id=533377"]
[Date "2009.2.2"]
[Round "-"]
[White "MysteriousWays"]
[Black "SubZeroBankay"]
[Result "1-0"]
[WhiteElo "1663"]
[BlackElo "1357"]

1. e4 d5 2. f3 c6 3. exd5 Qxd5 4. Nc3 Qe5+ 5. Nge2 c5 6. d3 Be6 7. Bf4 Qf6 8.
Nb5 Kd8 9. d4 Nd7 10. Bc7+ Kc8 11. Be5 Qf5 12. Qd3 Qxd3 13. cxd3 1-0

[Event "Let's Play Chess!"]
[Site "http://www.queenalice.com/game.php?id=533927"]
[Date "2009.2.2"]
[Round "-"]
[White "basti822"]
[Black "SubZeroBankay"]
[Result "1-0"]
[WhiteElo "1637"]
[BlackElo "1306"]

1. e4 d5 2. e5 f6 3. Nc3 c6 4. exf6 Nxf6 5. Bd3 d4 6. Ne4 Nd5 7. Qh5+ g6 8. Qe5
Rg8 9. c4 Nd7 10. Qe6 Nf4 11. Qxg8 Nxd3+ 12. Ke2 Nf6 13. Nxf6+ exf6 14. Kxd3
Bf5+ 15. Ke2 d3+ 16. Kd1 Qd4 17. Nf3 Qxf2 18. Re1+ Kd7 19. Qf7+ Kd6 20. Qxf6+
Kc7 21. Qf7+ Kb6 22. c5+ Kxc5 23. Re5+ Kb6 24. a4 Qxg2 25. a5+ 1-0

[Event "Let's Play Chess!"]
[Site "http://www.queenalice.com/game.php?id=534124"]
[Date "2009.2.3"]
[Round "-"]
[White "Matrim"]
[Black "SubZeroBankay"]
[Result "1-0"]
[WhiteElo "1939"]
[BlackElo "1332"]

1. d4 d6 2. g3 Nc6 3. Bg2 d5 4. Nc3 e6 5. Nf3 Bb4 6. Bd2 Bxc3 7. Bxc3 Nf6 8. O-O
O-O 9. b4 Nh5 10. b5 Ne7 11. Bb4 a6 12. bxa6 bxa6 13. Ne5 1-0

[Event "Let's Play Chess!"]
[Site "http://www.queenalice.com/game.php?id=534125"]
[Date "2009.2.3"]
[Round "-"]
[White "francky78"]
[Black "SubZeroBankay"]
[Result "1-0"]
[WhiteElo "1664"]
[BlackElo "1323"]

1. e4 d5 2. e5 f6 3. exf6 Nxf6 4. d4 e6 5. Bd3 Nc6 6. Nf3 Bd6 7. O-O O-O 8. c3
Nh5 9. Ng5 h6 10. Qxh5 Qf6 11. Nh7 e5 12. Nxf6+ Rxf6 13. dxe5 1-0

[Event "Let's Play Chess!"]
[Site "http://www.queenalice.com/game.php?id=534126"]
[Date "2009.2.3"]
[Round "-"]
[White "SubZeroBankay"]
[Black "jcmlima"]
[Result "0-1"]
[WhiteElo "1343"]
[BlackElo "1648"]

1. e3 e5 2. d4 exd4 3. Qxd4 Nc6 4. Qe4+ Be7 5. Bb5 Nf6 6. Qc4 d5 7. Qa4 Bd7 8.
Bxc6 Bxc6 9. Qd4 b6 10. e4 Bc5 11. Qe5+ Qe7 12. Qxe7+ Bxe7 13. e5 Nd7 14. f4 d4
0-1